• 首页
  • 本馆介绍
  • 公告通知
  • 最新文献
  • 馆藏检索
  • 电子资源
  • 读者导购
  • 参考咨询
  • 我的图书馆
  • 登录
  • 详细信息显示
  • 放入我的书架
  • 预约/预借图书
  • 作者相关作品
  • 分类相关作品
  • 丛书相关作品
  • 出版社相关作品

书目信息

  • 表格格式
  • 工作单格式
  • 卡片格式
题名:
李白生平研究匡补
    
 
作者: 杨栩生 , 沈曙东 著
分册:  
出版信息: 成都   四川大学出版社  2019.12
页数: 382页
开本: 24cm
丛书名: 李白文史系列丛书
单 册:
中图分类: K825.6=422
科图分类:
主题词:
电子资源:
ISBN: 978-7-5690-3281-9
000 01148oam2 2200265 450
001 2160540580
005 20210928130734.0
010    @a978-7-5690-3281-9@dCNY78.00
100    @a20200520d2019 em y0chiy0120 ea
101 0  @achi
102    @aCN@b510000
105    @ay z 000yd
106    @ar
200 1  @a李白生平研究匡补@Ali bai sheng ping yan jiu kuang bu@e增订@f杨栩生,沈曙东著
210    @a成都@c四川大学出版社@d2019.12
215    @a382页@d24cm
225 2  @a李白文史系列丛书@Ali bai wen shi xi lie cong shu
330    @a本书由上、中、下三篇构成。上篇,主要讨论李白“仗剑去国,辞亲远游”出峡的年月、“路中投刺”苏颋的时间地点、由蜀入京之有无,以及《明堂赋》《大猎赋》《蜀道难》是否蜀中之作诸问题。篇末,篇制了《李白蜀中年表》。中篇,主要讨论李白首次入京求仕长安的时间、秦中行迹和出京后的短期游踪。下篇,讨论的是李白卒年(一并涉及到生年)问题。
461  0 @12001 @a李白文史系列丛书
600  0 @a李白@Ali bai@f(701-762)@x人物研究
690    @aK825.6=422@v5
701  0 @a杨栩生@Ayang xu sheng@f(1949-)@4著
701  0 @a沈曙东@Ashen shu dong@f(1979-)@4著
801  0 @aCN@b百万庄@c20210926
905    @b1301343-46@dK825.6=422@e1431@f4
    
    李白生平研究匡补:增订/杨栩生,沈曙东著.-成都:四川大学出版社,2019.12
    382页;24cm.-(李白文史系列丛书)
    
    
    ISBN 978-7-5690-3281-9:CNY78.00
    本书由上、中、下三篇构成。上篇,主要讨论李白“仗剑去国,辞亲远游”出峡的年月、“路中投刺”苏颋的时间地点、由蜀入京之有无,以及《明堂赋》《大猎赋》《蜀道难》是否蜀中之作诸问题。篇末,篇制了《李白蜀中年表》。中篇,主要讨论李白首次入京求仕长安的时间、秦中行迹和出京后的短期游踪。下篇,讨论的是李白卒年(一并涉及到生年)问题。
●
相关链接 在E读中查询图书 在五车中查询图书 在当当中查询图书 在豆瓣中查询图书


正题名:李白生平研究匡补     索取号:K825.6=422/1431         预约/预借

序号 登录号 条形码 馆藏地/架位号 状态 备注
1 1301343   213013433   第二样本阅览室/ [索取号:K825.6=422/1431] 在馆    
2 1301344   213013442   第二借阅区/ [索取号:K825.6=422/1431] 在馆    
3 1301345   213013451   第二借阅区/ [索取号:K825.6=422/1431] 在馆    
4 1301346   213013460   第二借阅区/ [索取号:K825.6=422/1431] 在馆    
唐山师范学院图书馆 欢迎您!
大连网信软件有限公司© 版权所有